00482nam a22001817a 450000500170000001000150001702000230003203500140005503700130006908200130008210000160009524500550011126000380016627000340020430000220023865000140026070000260027420240913160754.0 aENG-141072 a8190100831c200.00 aEN-124604 bDBAD/PUB a133.5861 aCharak K. S a Essentials of Medical Astrology/cby K. S Charak aNew delhibUMA Publicationsc2005 a72 Gagan ViharbDelhie110051 a204p.c21cm (pbk) aBiography aGore, Madhav Sadashiv